School and college library practice : practical library handbooks No.2 (Record no. 197384)

MARC details
000 -LEADER
fixed length control field 00409nam a2200145Ia 4500
008 - FIXED-LENGTH DATA ELEMENTS--GENERAL INFORMATION
fixed length control field 231217s9999 xx 000 0 und d
041 ## - LANGUAGE CODE
Language code of text/sound track or separate title English
082 ## - DEWEY DECIMAL CLASSIFICATION NUMBER
Classification number 027.82 DOU;1 R
100 ## - MAIN ENTRY--PERSONAL NAME
Personal name Doubleday, W E.
245 #0 - TITLE STATEMENT
Title School and college library practice : practical library handbooks No.2
260 ## - PUBLICATION, DISTRIBUTION, ETC.
Date of publication, distribution, etc. 1919
Name of publisher, distributor, etc. Ess Ess Pub.
Place of publication, distribution, etc. New Delhi
300 ## - PHYSICAL DESCRIPTION
Extent 144
650 ## - SUBJECT ADDED ENTRY--TOPICAL TERM
Topical term or geographic name entry element School,handbooks,No.2
942 ## - ADDED ENTRY ELEMENTS (KOHA)
Koha item type Books
Holdings
Date last seen Total checkouts Full call number Accession number Price effective from Category Lost status Damaged status Department Withdrawn status Home library Current library Shelving location Entry date Grants Currency symbol Conversion rate Discount Old discount
26/01/2024   027.82 DOU;1 R 90733 26/01/2024 Books     Central Library   Central Library Central Library Central Library 24/10/2016 DONATED RS 1    

© For any Suggestions or Query, please contact the library staff @ librarian@pes.edu or Phone: +9180 2672 1983/ 2108.